East of England Regional Aggregates Working Party (Record no. 102833)

MARC details
000 -LEADER
fixed length control field 01021cam a2200229 4500
001 - CONTROL NUMBER
control field J122351
008 - FIXED-LENGTH DATA ELEMENTS--GENERAL INFORMATION
fixed length control field 030521n2003 000 0 eng u
035 ## - SYSTEM CONTROL NUMBER
System control number (Sirsi) u122351
041 ## - LANGUAGE CODE
Language code of text/sound track or separate title eng
050 ## - LIBRARY OF CONGRESS CALL NUMBER
Classification number 338.276
-- 18
110 ## - MAIN ENTRY--CORPORATE NAME
Corporate name or jurisdiction name as entry element East of England Regional Aggregates Working Party
9 (RLIN) 4455
245 ## - TITLE STATEMENT
Title East of England Regional Aggregates Working Party
Remainder of title annual monitoring report 2002
260 ## - PUBLICATION, DISTRIBUTION, ETC.
Place of publication, distribution, etc. London
Name of publisher, distributor, etc. ODPM
Date of publication, distribution, etc. 2003
520 ## - SUMMARY, ETC.
Summary, etc. Report providing statistics and analysis on aggregates production in eastern England during 2002, which notes that production levels are falling well below MPG6 forecasts confound existing MPG6 forecasts and calls for an urgent review of the guidance. View at www.dclg.gov.uk.
650 ## - SUBJECT ADDED ENTRY--TOPICAL TERM
Topical term or geographic name entry element AGGREGATES PLANNING
650 ## - SUBJECT ADDED ENTRY--TOPICAL TERM
Topical term or geographic name entry element MINERALS EXTRACTION
650 ## - SUBJECT ADDED ENTRY--TOPICAL TERM
Topical term or geographic name entry element MINERALS PLANNING GUIDANCE NOTE SIX
690 ## - LOCAL SUBJECT ADDED ENTRY--TOPICAL TERM (OCLC, RLIN)
Topical term or geographic name as entry element MINING AND MINERALS
710 ## - ADDED ENTRY--CORPORATE NAME
Corporate name or jurisdiction name as entry element United Kingdom
Subordinate unit Office of the Deputy Prime Minister
856 ## - ELECTRONIC LOCATION AND ACCESS
Uniform Resource Identifier <a href="https://www.communities.gov.uk/index.asp?id=1144941">https://www.communities.gov.uk/index.asp?id=1144941</a>
942 ## - ADDED ENTRY ELEMENTS (KOHA)
Suppress in OPAC 0
Holdings
Withdrawn status Lost status Source of classification or shelving scheme Damaged status Not for loan Home library Current library Shelving location Date acquired Total Checkouts Full call number Barcode Date last seen Copy number Price effective from Koha item type
    Dewey Decimal Classification     Virtual Virtual Online 21/05/2003   ONLINE PUBLICATION 122351-1001 06/08/2019 1 06/08/2019 Book